000 00709nam a2200289Ia 4500
005 20260324113649.0
008 008 260324s9999 xx 000 0 eng d
020 _a9781003193890
037 _aEBOOK
040 _aCRL
040 _beng
040 _cCRL
041 _2eng
041 _aeng
084 _qCRL
100 _aAmy Wagenfeld; Chad Kennedy
_91147674
245 4 _aThe Nature of Inclusive Play
245 2 _bA Guide for Designers, Educators, and Therapists
260 _bTaylor and Francis
260 _c2023
365 _a
365 _b220
856 _uhttp://www.taylorfrancis.com/books/9781003193890
942 _cEBOOK
999 _c1737445
_d1737445